Catálogo Biblioteca Central

Les incidences externes sur la fiscalité des groupes de sociétés (Registro nro. 153831)

Detalles MARC
000 -CABECERA
campo de control de longitud fija 00639naa a2200205 4500
001 - NÚMERO DE CONTROL
campo de control 153831
003 - IDENTIFICADOR DEL NÚMERO DE CONTROL
campo de control ES-MaBCM
005 - FECHA Y HORA DE LA ÚLTIMA TRANSACCIÓN
campo de control 20241016185731.0
008 - CÓDIGOS DE INFORMACIÓN DE LONGITUD FIJA
campo de control de longitud fija 071213s2007 fra|r0p 0 ||fre d
021 ## -
-- xx
035 ## - NÚMERO DE CONTROL DEL SISTEMA
Número de control de sistema (OCoLC)1365116470
040 ## - FUENTE DE LA CATALOGACIÓN
Centro transcriptor ES-MaBCM
100 1# - PUNTO DE ACCESO PRINCIPAL - NOMBRE DE PERSONA
Nombre de persona Lafond, Sylvie
9 (RLIN) 81931
245 00 - MENCIÓN DE TÍTULO
Título Les incidences externes sur la fiscalité des groupes de sociétés
Mención de responsabilidad etc. Sylvie Lafond
650 27 - PUNTO DE ACCESO ADICIONAL DE MATERIA--TÉRMINO DE MATERIA
Término de materia o nombre geográfico como elemento inicial Grupo de empresas
9 (RLIN) 58835
650 24 - PUNTO DE ACCESO ADICIONAL DE MATERIA--TÉRMINO DE MATERIA
Término de materia o nombre geográfico como elemento inicial Unión Europea
9 (RLIN) 52895
650 27 - PUNTO DE ACCESO ADICIONAL DE MATERIA--TÉRMINO DE MATERIA
Término de materia o nombre geográfico como elemento inicial Fiscalidad
9 (RLIN) 60048
773 0# - ENLACE AL DOCUMENTO FUENTE
Encabezamiento principal En:
Título La revue administrative
Lugar editor y fecha de publicación Paris
Número de control del registro relacionado 104665
Parte(s) relacionada(s) 60e. année, nº 358 (juil. 2007), p. 365-375
942 ## - ELEMENTOS DE PUNTO DE ACCESO ADICIONAL (KOHA)
Tipo de ítem Koha Artículos de revistas
Existencias
Estado de retiro Estado de pérdida Estado dañado No para préstamo Localización permanente Ubicación/localización actual Fecha de adquisición Precio válido a partir de Tipo de ítem Koha
        Biblioteca Central del Ministerio de la Presidencia Biblioteca Central del Ministerio de la Presidencia 21/04/2012 21/04/2012 Artículos de revistas